书目信息 |
| 题名: |
欧洲现代史
|
|
| 作者: | 休斯 , Hughes 著 ;陈少衡 译 | |
| 分册: | ||
| 出版信息: | 北京 商务印书馆 1984 |
|
| 页数: | 774页 | |
| 开本: | 21cm | |
| 丛书名: | ||
| 单 册: | ||
| 中图分类: | K505 | |
| 科图分类: | ||
| 主题词: | 现代史-欧洲--1914~1981 | |
| 电子资源: | ||
| ISBN: | ||
| 000 | 00856nam0 2200301 45 | |
| 001 | 0184012373 | |
| 005 | 20061115154328.93 | |
| 010 | @dCNY3.40 | |
| 091 | @a11017.638 | |
| 100 | @a19950628d1984 em y0chiy0121 ea | |
| 101 | 1 | @achi@ceng |
| 102 | @aCN@b110000 | |
| 105 | @ay z 000yy | |
| 106 | @ar | |
| 200 | 10 | @a欧洲现代史@E1914-1980@AOu Zhou Xian Dai Shi@e1914-1980年@f(美)休斯(Hughes,H.S.)著@g陈少衡译 |
| 210 | @a北京@c商务印书馆@d1984 | |
| 215 | @a774页@d21cm | |
| 517 | @a1914-1980 | |
| 517 | 1 | @a1914-1980年@A1914-1980 nian |
| 606 | @a现代史-欧洲@z1914~1981 | |
| 607 | @a欧洲-现代史@z1914~1981 | |
| 690 | @aK505@v3 | |
| 701 | 1 | @a休斯@Axiu si@bH.S.@4著 |
| 701 | A1 | @aHughes@bH.S.@4著 |
| 702 | 0 | @a陈少衡@Achen shao heng@4译 |
| 801 | 0 | @aCN@b上海图书馆@c20061115 |
| 801 | 2 | @aCN@bNLC@c20040512 |
| 905 | @f1@b135875@dK505@e4 | |
| 欧洲现代史:1914-1980年/(美)休斯(Hughes,H.S.)著/陈少衡译.-北京:商务印书馆,1984 |
| 774页;21cm |
| ISBN :CNY3.40 |
| ● |
| 相关链接 |
|
|
|
|
正题名:欧洲现代史
索取号:K505/4
 
预约/预借
| 序号 | 登录号 | 条形码 | 馆藏地/架位号 | 状态 | 备注 |
| 1 | 0135875 | 001395644 | 第二借阅区/ [索取号:K505/4] | 在馆 | |
| 2 | 0135876 | 001395608 | 第二样本阅览室/ [索取号:K505/4] | 在馆 |